00937cam a2200229 a 450000500170000000800410001702000150005804000230007304100080009604400070010408200170011110000300012824500870015826000940024530000590033949000150039850000280041365000570044165000580049865000870055665000640064320160216084543.0050422s2004 ck ab r 00010 spa d a9587014626 ala cladCO-BoIAVH0 aspa ack04a302.54bM93m1 aMárquez C., Germán E.10aMapas de un fracaso : bnaturaleza y conflicto en Colombia / cGermán Márquez. aBogotá : bUniversidad Nacional de Colombia. Instituto de Estudios Ambientales, c2004. a101 páginas : bilustraciones, mapas ; c24 x 17 cm.0 aideas ;v5 aIncluye bibliografía. 6aEcologíaz Colombiav Ensayos, conferencias, etc.. 6aEcosistemasz Colombiav Ensayos, conferencias, etc.. 4aConservación de los recursos naturalesz Colombiav Ensayos, conferencias, etc.. 6aRecursos naturalesz Colombiav Ensayos, conferencias, etc.